Ч. 1: Топливо, огнеупоры, основы печной теплотехники; Металлургические печи

מידע ביבליוגרפי
Parent link:Металлургические печи: учебник для вузов/ под ред. М. А. Глинкова. Ч. 1: Топливо, огнеупоры, основы печной теплотехники.— , 1963-1964
מחברים אחרים: Будрин Д. В. Дмитрий Васильевич, Глинков М. А. Марк Алексеевич, Канторов М. В. Михаил Васильевич, Кузьмин М. А. Михаил Александрович, Плотников Л. А. Ливерий Алексеевич, Семикин И. Д. Иосиф Данилович, Тройб С. Г. Самуил Григорьевич
שפה:רוסית
יצא לאור: 1963
נושאים:
פורמט: ספר
KOHA link:https://koha.lib.tpu.ru/cgi-bin/koha/opac-detail.pl?biblionumber=68223

MARC

LEADER 00000nam2a2200000 4500
001 68223
005 20231101212353.0
035 |a (RuTPU)RU\TPU\book\72623 
090 |a 68223 
100 |a 20041002d1963 m y0rusy50 ca 
101 0 |a rus 
102 |a RU 
105 |a a j 000zy 
200 0 |a Ч. 1: Топливо, огнеупоры, основы печной теплотехники  |f Д. В. Будрин [и др.] 
210 |d 1963 
215 |a 440 с.  |c ил. 
461 1 |0 (RuTPU)RU\TPU\book\77254  |t Металлургические печи  |o учебник для вузов  |f под ред. М. А. Глинкова  |v Ч. 1: Топливо, огнеупоры, основы печной теплотехники  |d 1963-1964 
606 1 |a Металлургические печи  |2 stltpush  |3 (RuTPU)RU\TPU\subj\72814  |9 86207 
610 1 |a металлургия 
610 1 |a топливо 
610 1 |a огнеупоры 
610 1 |a печная теплотехника 
610 1 |a горение 
610 1 |a расчеты 
610 1 |a огнеупоры 
610 1 |a материалы 
610 1 |a газы 
610 1 |a механика 
610 1 |a теплопередача 
610 1 |a учебники 
675 |a 669.041(075.8)  |v 3 
701 1 |a Будрин  |b Д. В.  |g Дмитрий Васильевич 
701 1 |a Глинков  |b М. А.  |g Марк Алексеевич 
701 1 |a Канторов  |b М. В.  |g Михаил Васильевич 
701 1 |a Кузьмин  |b М. А.  |g Михаил Александрович 
701 1 |a Плотников  |b Л. А.  |g Ливерий Алексеевич 
701 1 |a Семикин  |b И. Д.  |g Иосиф Данилович 
701 1 |a Тройб  |b С. Г.  |g Самуил Григорьевич 
801 1 |a RU  |b 63413507  |c 20041002  |g PSBO 
801 2 |a RU  |b 63413507  |c 20201105  |g PSBO 
900 |a Перенос энергии и массы, основы теплотехники 
942 |c BK